| 000 | 00828nam a2200193Ia 4500 | ||
|---|---|---|---|
| 003 | GCL | ||
| 008 | 140319s9999 xx 000 0 ara d | ||
| 040 |
_aGCL / _cGCL |
||
| 082 | 0 | 4 |
_aق _b720.288 _bم م |
| 100 | 1 | _aجاب الله على جاب الله | |
| 245 | 1 | 0 |
_aمشروع ترميم وتنمية منطقة الدرب الاصفر : _bمنحة الصندوق العربى للإنماء الاقتصادى والاجتماعى / _cجاب الله على جاب الله |
| 700 | 1 | _aالمجلس الاعلى للاثار | |
| 260 |
_aالقاهرة : _bالمجلس الاعلى للاثار ، _c0 |
||
| 300 |
_a46 ص ؛ _c28 سم |
||
| 650 | 0 | 4 | _aالعمارة الاسلامية - مصر |
| 650 | 0 | 4 | _aالمبانى - ترميم |
| 650 | 0 | 4 | _aالعمارة الاسلامية - ترميم |
| 942 |
_2ddc _cBK |
||
| 999 |
_c51073 _d51073 |
||